MDQL
is popping MORE tags! Check the
thread
!
Quizzes
Events
Quiz Creation
Community
Videos
Private Events
Remove Ads
Sign In
Join for FREE
Feedback
Dark Mode
Quiz Categories
Sports
Geography
Music
Movies
Television
Just For Fun
Miscellaneous
History
Literature
Language
Science
Gaming
Entertainment
Religion
Holiday
For Kids
Quiz Lab
Recent
Popular Today
Quiz Kudos Today
Editor Picks
Curator Picks
Quizzes by...
Day
Popularity
Type
Ratings
Length
Year
Community
Subscriptions
Recent Discussions
Orange Saloon
Badges
Playlists
Quests
Create
Leaderboards
Showdown
Live 5
Trivia Bingo
Activity
Puzzle Library
Sporcle Events
Private Events
Virtual Trivia
Globe League
Become a Host
Pub Owners
SporcleCon
Opinionation
Our Games
Videos
Blog
Mobile Apps
Partnerships
Remove Ads and Go Orange
Feedback
Movies
Disney
Marvel Cinematic Universe
Movie Resume
Movie Titles
Oscar
Actor
Actress
Director
Pixar
Role
Movie Quotes
Movie Characters
Box Office
Nominee
Best Picture
Star Wars
James Bond
Horror Movies
Movies
Disney
Marvel Cinematic Universe
Movie Resume
Movie Titles
Oscar
Actor
Actress
Director
Pixar
Role
Movie Quotes
Movie Characters
Box Office
Nominee
Best Picture
Star Wars
James Bond
Horror Movies
Random Quiz
Search Sporcle
×
Quiz Lab
Quiz Lab
Movies
100
Type answers based on single images at one time
Type answers based on single images at one time
Slideshow
Best Score? Go Orange.
100 2003 Films Stats
Can you name these 100 Movies from the year 2003?
By
fajardani2
20m
100 Questions
243 Plays
243 Plays
243 Plays
Comments
Comments
Give Quiz Kudos
Give Quiz Kudos
-
- Ratings
hide this ad
Replay
Link that replays current quiz
Next Quiz
Link to next quiz in quiz playlist
You Got
0%
They Got
Avg Score
50%
Avg Friend Score
Upgrade to see
Score Distribution
Jump to the score distribution portion of the page
Score
0/100
Timer
20:00
0
Plays Today
% Correct
Pirates of Caribbean: The Curse of the Black Pearl
92.2%
The Lord of the Rings: The Return of the King
90.1%
The Matrix Reloaded
85.6%
Finding Nemo
84.4%
X2
83.5%
Hulk
83.5%
Bruce Almighty
82.3%
Charlie's Angels Full Throttle
78.6%
Terminator 3: Rise of the Machines
77.8%
Bend It Like Beckham
77%
School of Rock
75.7%
Spy Kids 3-D: Game Over
75.3%
Brother Bear
74.9%
Bad Boys II
74.5%
Freaky Friday
73.3%
The Last Samurai
72.8%
Elf
72.8%
The Matrix Revolutions
72.4%
Daredevil
71.2%
Daddy Day Care
70.4%
Kill Bill Vol. 1
70%
Bad Santa
69.5%
Cheaper by the Dozen
69.5%
Seabiscuit
68.3%
The Cat in the Hat
67.9%
Kangaroo Jack
66.7%
Lost in Translation
66.3%
The League of Extraordinary Gentlemen
65.8%
Phone Booth
65%
Johnny English
64.6%
Scary Movie 3
63.4%
2 Fast 2 Furious
63.4%
Lara Croft Tomb Raider - The Cradle of Life
63%
28 Days Later
62.6%
% Correct
Gigli
62.6%
Underworld
62.1%
Master and Commander: The Far Side of the World
61.3%
How to Lose a Guy in 10 Days
61.3%
Anger Management
60.9%
The Italian Job
60.5%
Love Actually
60.5%
Peter Pan
60.5%
Mystic River
60.1%
Shanghai Knights
59.7%
Freddy vs. Jason
57.6%
The Haunted Mansion
56%
Cold Mountain
54.3%
Big Fish
54.3%
Sinbad: Legend of the Seven Seas
53.5%
The Texas Chainsaw Massacre
52.3%
Holes
51%
S.W.A.T.
50.6%
Final Destination 2
49.4%
Stuck On You
49%
Once Upon a Time in Mexico
48.1%
Mona Lisa Smile
48.1%
American Wedding
48.1%
Something's Gotta Give
47.7%
Secondhand Lions
46.5%
Gothika
45.7%
Looney Tunes: Back in Action
45.3%
Old School
44.9%
Intolerable Cruelty
44%
Uptown Girls
42.4%
Agent Cody Banks
41.2%
Identity
40.3%
Honey
39.9%
Matchstick Men
38.7%
% Correct
The Lizzie McGuire Movie
38.7%
Open Range
37.4%
The Rundown
35.8%
Tears of the Sun
35.8%
21 Grams
35.4%
Head of State
33.7%
Paycheck
32.5%
Biker Boyz
32.5%
Runaway Jury
31.7%
Duplex
31.7%
The Medallion
31.3%
The Hunted
28%
Out of Time
27.6%
What a Girl Wants
27.2%
Cold Creek Manor
26.7%
The Core
24.7%
Beyond Borders
24.3%
Anything Else
23.9%
Love Don't Cost a Thing
23%
Marci X
22.2%
The Order
21.8%
The Fighting Temptations
21.8%
My Boss's Daughter
21.8%
Basic
21.8%
How to Deal
21.4%
It Runs in the Family
20.2%
Alex & Emma
19.8%
View from the Top
19.3%
Dummy
18.9%
House of the Dead
18.1%
Confidence
16%
A Man Apart
15.2%
Quiz Playlist
Details
Report
Send in Message
Add To Playlist
Slideshow:
Type answers based on single images at one time
Last Updated: Apr 15, 2017
Quiz Scoreboard
CHALLENGE
Sign Up to Join the Scoreboard
Show All
Scores
Hide
Comments
May contain spoilers
Recently Published
Image Sorting: Flags VI
by Barbecue
Geography
2m
Find the 'City' Movie
by crazypaving
Movies
60s
Colored Red Africa Blitz
by spor1
Geography
45s
More to Explore
Quiz From the Vault
Featured Blog Post
14 Easter Pick-up Lines to Find Eggs With
hide this ad
You Might Also Like...
Tags
100
100 Movie
2003
Today's Top Quizzes in Movies
Browse Movies
hide this ad
Today's Top Quizzes in 100
Browse 100
Top Contributed Quizzes in Movies
1
Find The 'Big' Movie
2
Find The 'Blue' Movie
3
Find The 'Wild' Movie
4
Movies By Plot
5
The ultimate James Bond movie quiz
6
Hidden Star Wars Character II
7
Pick 5 Posters: Directed by Spielberg
8
Hidden Star Wars Character III
9
Hidden Star Wars Character IV
10
25 Best Actor Nominees (1990s)
Explore More
Trending Topics
NBA
Disney
Kpop
Harry Potter
Crossword
Anime
Marvel
NFL
Puzzle
Country
The Office
Song
WWE
Pokémon
Soccer
hide this ad
More By:
fajardani2
Quiz
Plays
Rating
Category
Featured
Created
Premier League by the Numbers: #10
5,083
4.50
Sports
Sep 3, 2016
One Piece Captains
1,347
4.00
Entertainment
Dec 25, 2015
50 Top Grossing Films of 2016
878
2.83
Movies
Jun 12, 2017
Click the Character: Naruto vol. 1
852
5.00
Entertainment
Dec 6, 2020
100 Animated Movies (Slideshow)
849
2.86
Movies
Jul 14, 2016
Go to Creator's Profile
Score Distribution
Quiz Creator Spotlight
fajardani2
Follow
Send a Message
Quizzes Created
-
Created Quiz Play Count
-
More By This Creator
Popular Quizzes Today
1
Colored Red Africa Blitz
2
Find the US States - No Outlines Minefield
3
Find the 'City' Movie
4
5x2 Blitz: Bands
5
The Countries of the World
6
Find the US States
7
Find the Countries of Europe - No Outlines Minefield
8
US States
More Movies Quizzes
15 Seconds of Fame: Sean Bean
Curator's Pick
Trending Quizzes
Colored Red Europe Blitz I
Colored Red Europe Blitz II
Colored Red Africa Blitz II
Colored Red Europe Blitz III
Colored Red Africa Blitz III
Recently Updated
How Do You Spell That?
pecheneg
Godzilla Movies
pecheneg
Grab Bag: 4-10 Letters
pecheneg
2024 March Madness Bracket
pecheneg
Famous TV Couples
Peacemaker
Champions League XIs: Real Madrid
pecheneg
Largest US Cities 1790-2010
pecheneg
Rides in Walt Disney World
pecheneg
Most Oscar Losses (Acting)
pecheneg
Beyoncé Albums
pecheneg
Trending Topics
NBA
Crossword
Marvel
Harry Potter
Disney
Anime
Kpop
WWE
Song
NFL
Pokémon
Soccer
The Office
Puzzle
Country
Your Account Isn't Verified!
In order to create a playlist on Sporcle, you need to verify the email address you used during registration. Go to your
Sporcle Settings
to finish the process.
Report this User
Report this user for behavior that violates our
Community Guidelines
.
Details:
Send Report
Go to the Sporcle.com Mobile Site →
Comments